000 00614nam a2200253Ia 4500
005 20260121161334.0
008 008 260114s9999 xx 000 0 eng d
020 _a9780429158742
037 _aEBOOK
040 _aCRL
040 _beng
040 _cCRL
041 _2eng
041 _aeng
084 _qCRL
100 _aJr., Rupert G. Miller
_91043167
245 0 _aBeyond ANOVA:Basics of Applied Statistics
260 _bTaylor and Francis
260 _c1997
856 _uhttp://www.taylorfrancis.com/books/9780429158742
942 _cEBOOK
999 _c1609983
_d1609983